<?xml version="1.0" encoding="UTF-8"?>
<record
    xmlns:xsi="http://www.w3.org/2001/XMLSchema-instance"
    xsi:schemaLocation="http://www.loc.gov/MARC21/slim http://www.loc.gov/standards/marcxml/schema/MARC21slim.xsd"
    xmlns="http://www.loc.gov/MARC21/slim">

  <leader>02391nam a2200613 a 4500</leader>
  <controlfield tag="001"> </controlfield>
  <controlfield tag="003">DO-SdBNP</controlfield>
  <controlfield tag="005">20230131121046.0</controlfield>
  <controlfield tag="008">090918s1981    dr    001 0 spa d</controlfield>
  <datafield tag="020" ind1=" " ind2=" ">
    <subfield code="a">8489525072</subfield>
  </datafield>
  <datafield tag="040" ind1=" " ind2=" ">
    <subfield code="a">BPMSU </subfield>
    <subfield code="b">spa</subfield>
    <subfield code="c">BPMSU</subfield>
  </datafield>
  <datafield tag="049" ind1=" " ind2=" ">
    <subfield code="a"> </subfield>
  </datafield>
  <datafield tag="082" ind1=" " ind2="4">
    <subfield code="a">RD868.08</subfield>
    <subfield code="b">A634L 1981</subfield>
    <subfield code="2">22</subfield>
  </datafield>
  <datafield tag="092" ind1=" " ind2=" ">
    <subfield code="a"> </subfield>
  </datafield>
  <datafield tag="245" ind1="0" ind2="0">
    <subfield code="a">Antolog&#xED;a literaria dominicana /</subfield>
    <subfield code="c">editor Margarita Vallejo de Paredes ; colaboradores Lilia Portalat&#xED;n Sosa, Pedro Pablo Paredes V., Jorge Max Fern&#xE1;ndez.</subfield>
  </datafield>
  <datafield tag="260" ind1=" " ind2=" ">
    <subfield code="a">Santo Domingo :</subfield>
    <subfield code="b">INTEC,</subfield>
    <subfield code="c">1981.</subfield>
  </datafield>
  <datafield tag="300" ind1=" " ind2=" ">
    <subfield code="a">5 v. ;</subfield>
    <subfield code="c">28 cm.</subfield>
  </datafield>
  <datafield tag="500" ind1=" " ind2=" ">
    <subfield code="a">Incluye referencias bibliogr&#xE1;ficas y notas al pie de las p&#xE1;ginas</subfield>
  </datafield>
  <datafield tag="505" ind1="0" ind2=" ">
    <subfield code="a">v.1. Poes&#xED;a.-- v. 2. Cuento.-- v. 3. Teatro.-- v. 4. Discursos, semblanzas y ensayos. -- v. 5. Folklore e &#xED;ndice acumulativo.</subfield>
  </datafield>
  <datafield tag="590" ind1=" " ind2=" ">
    <subfield code="6">Inventariado, 2021/VM</subfield>
  </datafield>
  <datafield tag="650" ind1=" " ind2="4">
    <subfield code="a">Literatura dominicana </subfield>
    <subfield code="x">Colecciones </subfield>
  </datafield>
  <datafield tag="650" ind1=" " ind2="4">
    <subfield code="a"> Literatura dominicana </subfield>
    <subfield code="x">Historia y cr&#xED;tica.</subfield>
  </datafield>
  <datafield tag="650" ind1=" " ind2="4">
    <subfield code="a">Cuentos dominicanos </subfield>
    <subfield code="v">Colecciones </subfield>
  </datafield>
  <datafield tag="650" ind1=" " ind2="4">
    <subfield code="a">Teatro dominicano </subfield>
    <subfield code="x"> </subfield>
  </datafield>
  <datafield tag="650" ind1=" " ind2="4">
    <subfield code="a">Poes&#xED;a dominicana </subfield>
    <subfield code="v">Colecciones</subfield>
  </datafield>
  <datafield tag="650" ind1=" " ind2="4">
    <subfield code="a">Ensayos dominicanos</subfield>
  </datafield>
  <datafield tag="650" ind1=" " ind2="4">
    <subfield code="a">Autores dominicanos </subfield>
  </datafield>
  <datafield tag="700" ind1="1" ind2="2">
    <subfield code="a">Vallejo de Paredes, Margarita,</subfield>
    <subfield code="e">ed.</subfield>
  </datafield>
  <datafield tag="700" ind1="1" ind2="2">
    <subfield code="a">Portalat&#xED;n Sosa, Lilia</subfield>
  </datafield>
  <datafield tag="700" ind1="1" ind2="2">
    <subfield code="a">Pablo Paresdes V., Pedro Pablo</subfield>
  </datafield>
  <datafield tag="700" ind1="1" ind2="2">
    <subfield code="a">Fern&#xE1;ndez, Jorge Max</subfield>
  </datafield>
  <datafield tag="710" ind1="2" ind2=" ">
    <subfield code="a">Instituto Tecnol&#xF3;gico de Santo Domingo</subfield>
  </datafield>
  <datafield tag="910" ind1=" " ind2=" ">
    <subfield code="a">VMateo V. </subfield>
  </datafield>
  <datafield tag="942" ind1=" " ind2=" ">
    <subfield code="2">ddc</subfield>
    <subfield code="c">BK</subfield>
  </datafield>
  <datafield tag="952" ind1=" " ind2=" ">
    <subfield code="0">0</subfield>
    <subfield code="1">0</subfield>
    <subfield code="2">ddc</subfield>
    <subfield code="4">0</subfield>
    <subfield code="7">0</subfield>
    <subfield code="8">CD</subfield>
    <subfield code="a">BPMET</subfield>
    <subfield code="b">BPMET</subfield>
    <subfield code="d">2021-08-18</subfield>
    <subfield code="e">Erick Landestoy</subfield>
    <subfield code="o">BPMSU CD RD868.08 A634L 1981</subfield>
    <subfield code="p">BPMSU21080060</subfield>
    <subfield code="r">2021-08-18</subfield>
    <subfield code="t">v.1</subfield>
    <subfield code="w">2021-08-18</subfield>
    <subfield code="y">BK</subfield>
  </datafield>
  <datafield tag="952" ind1=" " ind2=" ">
    <subfield code="0">0</subfield>
    <subfield code="1">0</subfield>
    <subfield code="2">ddc</subfield>
    <subfield code="4">0</subfield>
    <subfield code="7">0</subfield>
    <subfield code="8">CD</subfield>
    <subfield code="a">BPMET</subfield>
    <subfield code="b">BPMET</subfield>
    <subfield code="d">2021-08-18</subfield>
    <subfield code="e">Erick Landestoy</subfield>
    <subfield code="o">BPMSU CD RD868.08 A634L1981</subfield>
    <subfield code="p">BPMSU21080061</subfield>
    <subfield code="r">2021-08-18</subfield>
    <subfield code="t">v.2</subfield>
    <subfield code="w">2021-08-18</subfield>
    <subfield code="y">BK</subfield>
  </datafield>
  <datafield tag="952" ind1=" " ind2=" ">
    <subfield code="0">0</subfield>
    <subfield code="1">0</subfield>
    <subfield code="2">ddc</subfield>
    <subfield code="4">0</subfield>
    <subfield code="7">0</subfield>
    <subfield code="8">CD</subfield>
    <subfield code="a">BPMET</subfield>
    <subfield code="b">BPMET</subfield>
    <subfield code="d">2021-08-18</subfield>
    <subfield code="e">Erick Landestoy</subfield>
    <subfield code="o">BPMSU CD RD868.08 A634L 1981</subfield>
    <subfield code="p">BPMSU21080062</subfield>
    <subfield code="r">2021-08-18</subfield>
    <subfield code="t">v.3</subfield>
    <subfield code="w">2021-08-18</subfield>
    <subfield code="y">BK</subfield>
  </datafield>
  <datafield tag="952" ind1=" " ind2=" ">
    <subfield code="0">0</subfield>
    <subfield code="1">0</subfield>
    <subfield code="2">ddc</subfield>
    <subfield code="4">0</subfield>
    <subfield code="7">0</subfield>
    <subfield code="8">CD</subfield>
    <subfield code="a">BPMET</subfield>
    <subfield code="b">BPMET</subfield>
    <subfield code="d">2021-08-18</subfield>
    <subfield code="e">Erick Landestoy</subfield>
    <subfield code="o">BPMSU CD RD868.08 A634L 1981</subfield>
    <subfield code="p">BPMSU21080063</subfield>
    <subfield code="r">2021-08-18</subfield>
    <subfield code="t">v.4</subfield>
    <subfield code="w">2021-08-18</subfield>
    <subfield code="y">BK</subfield>
  </datafield>
  <datafield tag="952" ind1=" " ind2=" ">
    <subfield code="0">0</subfield>
    <subfield code="1">0</subfield>
    <subfield code="2">ddc</subfield>
    <subfield code="4">0</subfield>
    <subfield code="7">0</subfield>
    <subfield code="8">CD</subfield>
    <subfield code="a">BPMET</subfield>
    <subfield code="b">BPMET</subfield>
    <subfield code="d">2021-08-18</subfield>
    <subfield code="e">Erick Landestoy</subfield>
    <subfield code="o">BPMSU CD RD868.08 A634L 1981</subfield>
    <subfield code="p">BPMSU21080064</subfield>
    <subfield code="r">2021-08-18</subfield>
    <subfield code="t">v.5</subfield>
    <subfield code="w">2021-08-18</subfield>
    <subfield code="y">BK</subfield>
  </datafield>
  <datafield tag="956" ind1=" " ind2=" ">
    <subfield code="a">VGENAO</subfield>
    <subfield code="b">40</subfield>
    <subfield code="c">20090918</subfield>
    <subfield code="l">BND01</subfield>
    <subfield code="h">0937</subfield>
  </datafield>
  <datafield tag="956" ind1=" " ind2=" ">
    <subfield code="a">VGENAO</subfield>
    <subfield code="b">40</subfield>
    <subfield code="c">20090918</subfield>
    <subfield code="l">BND01</subfield>
    <subfield code="h">0937</subfield>
  </datafield>
  <datafield tag="956" ind1=" " ind2=" ">
    <subfield code="a">VGENAO</subfield>
    <subfield code="b">10</subfield>
    <subfield code="c">20090918</subfield>
    <subfield code="l">BND01</subfield>
    <subfield code="h">0947</subfield>
  </datafield>
  <datafield tag="956" ind1=" " ind2=" ">
    <subfield code="a">BTAVAREZ</subfield>
    <subfield code="b">10</subfield>
    <subfield code="c">20090921</subfield>
    <subfield code="l">BND01</subfield>
    <subfield code="h">1443</subfield>
  </datafield>
  <datafield tag="956" ind1=" " ind2=" ">
    <subfield code="a">ARIVERA</subfield>
    <subfield code="b">10</subfield>
    <subfield code="c">20090928</subfield>
    <subfield code="l">BND01</subfield>
    <subfield code="h">1243</subfield>
  </datafield>
  <datafield tag="956" ind1=" " ind2=" ">
    <subfield code="a">ARIVERA</subfield>
    <subfield code="b">10</subfield>
    <subfield code="c">20090928</subfield>
    <subfield code="l">BND01</subfield>
    <subfield code="h">1340</subfield>
  </datafield>
  <datafield tag="956" ind1=" " ind2=" ">
    <subfield code="a">ARIVERA</subfield>
    <subfield code="b">10</subfield>
    <subfield code="c">20090928</subfield>
    <subfield code="l">BND01</subfield>
    <subfield code="h">1415</subfield>
  </datafield>
  <datafield tag="956" ind1=" " ind2=" ">
    <subfield code="a">ARIVERA</subfield>
    <subfield code="b">10</subfield>
    <subfield code="c">20090928</subfield>
    <subfield code="l">BND01</subfield>
    <subfield code="h">1416</subfield>
  </datafield>
  <datafield tag="956" ind1=" " ind2=" ">
    <subfield code="a">MMOLINA</subfield>
    <subfield code="b">40</subfield>
    <subfield code="c">20090928</subfield>
    <subfield code="l">BND01</subfield>
    <subfield code="h">1534</subfield>
  </datafield>
  <datafield tag="956" ind1=" " ind2=" ">
    <subfield code="a">BATCH</subfield>
    <subfield code="b">00</subfield>
    <subfield code="c">20091013</subfield>
    <subfield code="l">BND01</subfield>
    <subfield code="h">1512</subfield>
  </datafield>
  <datafield tag="956" ind1=" " ind2=" ">
    <subfield code="a">MFILETO</subfield>
    <subfield code="b">10</subfield>
    <subfield code="c">20091020</subfield>
    <subfield code="l">BND01</subfield>
    <subfield code="h">1225</subfield>
  </datafield>
  <datafield tag="956" ind1=" " ind2=" ">
    <subfield code="a">MFILETO</subfield>
    <subfield code="b">10</subfield>
    <subfield code="c">20091020</subfield>
    <subfield code="l">BND01</subfield>
    <subfield code="h">1329</subfield>
  </datafield>
  <datafield tag="956" ind1=" " ind2=" ">
    <subfield code="a">MFILETO</subfield>
    <subfield code="b">10</subfield>
    <subfield code="c">20091020</subfield>
    <subfield code="l">BND01</subfield>
    <subfield code="h">1330</subfield>
  </datafield>
  <datafield tag="956" ind1=" " ind2=" ">
    <subfield code="a">MFILETO</subfield>
    <subfield code="b">10</subfield>
    <subfield code="c">20091020</subfield>
    <subfield code="l">BND01</subfield>
    <subfield code="h">1435</subfield>
  </datafield>
  <datafield tag="956" ind1=" " ind2=" ">
    <subfield code="a">ARIVERA</subfield>
    <subfield code="b">10</subfield>
    <subfield code="c">20091111</subfield>
    <subfield code="l">BND01</subfield>
    <subfield code="h">1057</subfield>
  </datafield>
  <datafield tag="956" ind1=" " ind2=" ">
    <subfield code="a">AROA</subfield>
    <subfield code="b">10</subfield>
    <subfield code="c">20091130</subfield>
    <subfield code="l">BND01</subfield>
    <subfield code="h">0951</subfield>
  </datafield>
  <datafield tag="956" ind1=" " ind2=" ">
    <subfield code="a">DGARCIA</subfield>
    <subfield code="b">10</subfield>
    <subfield code="c">20100415</subfield>
    <subfield code="l">BND01</subfield>
    <subfield code="h">1015</subfield>
  </datafield>
  <datafield tag="956" ind1=" " ind2=" ">
    <subfield code="a">MMOLINA</subfield>
    <subfield code="b">40</subfield>
    <subfield code="c">20110602</subfield>
    <subfield code="l">BND01</subfield>
    <subfield code="h">0903</subfield>
  </datafield>
  <datafield tag="956" ind1=" " ind2=" ">
    <subfield code="a">MFILETO</subfield>
    <subfield code="b">40</subfield>
    <subfield code="c">20140603</subfield>
    <subfield code="l">BND01</subfield>
    <subfield code="h">1029</subfield>
  </datafield>
  <datafield tag="999" ind1=" " ind2=" ">
    <subfield code="c">13666</subfield>
    <subfield code="d">13666</subfield>
  </datafield>
</record>
